|
|
|
|
| LEADER |
00000nam0a2200000 4500 |
| 001 |
253374 |
| 005 |
20231101232833.0 |
| 010 |
|
|
|a 9785917030449
|
| 035 |
|
|
|a (RuTPU)RU\TPU\book\275762
|
| 090 |
|
|
|a 253374
|
| 100 |
|
|
|a 20140313d2015 km y0rusy50 ca
|
| 101 |
0 |
|
|a rus
|
| 102 |
|
|
|a RU
|
| 105 |
|
|
|a a z 001zy
|
| 200 |
1 |
|
|a Азы статистики в мире химии: обработка экспериментальных данных
|f И. М. Агаянц
|
| 210 |
|
|
|a Санкт-Петербург
|c НОТ
|d 2015
|
| 215 |
|
|
|a 618 с.
|c ил.
|
| 320 |
|
|
|a Библиография в конце глав.
|
| 330 |
|
|
|a Книга на примере анализа эластомерных систем и процессов их формирования иллюстрирует возможности использования статистических методов при обработке экспериментальных данных. Представлены общие понятия статистической обработки экспериментальных данных. Рассмотрены некоторые программные продукты, которые можно рекомендовать для их обработки. Систематически анализируются методы обработки данных и планирования эксперимента с использованием современных программных средств. Книга предназначена для специалистов, заинтересованных в использовании статистических методов в научной и производственной деятельности, а также для аспирантов и студентов технических вузов.
|
| 606 |
1 |
|
|a Информационные технологии
|x Применение в химии
|2 stltpush
|3 (RuTPU)RU\TPU\subj\80816
|9 88378
|
| 606 |
1 |
|
|a Химия
|x Статистические методы
|2 stltpush
|3 (RuTPU)RU\TPU\subj\17377
|9 43036
|
| 610 |
1 |
|
|a эластомерные системы
|
| 610 |
1 |
|
|a резина
|
| 610 |
1 |
|
|a экспериментальные данные
|
| 610 |
1 |
|
|a статистическая обработка
|
| 610 |
1 |
|
|a программные продукты
|
| 610 |
1 |
|
|a эмпирические формулы
|
| 610 |
1 |
|
|a оптимизация
|
| 610 |
1 |
|
|a факторы
|
| 610 |
1 |
|
|a дисперсный анализ
|
| 610 |
1 |
|
|a корреляционный анализ
|
| 610 |
1 |
|
|a случайные поля
|
| 610 |
1 |
|
|a случайные процессы
|
| 610 |
1 |
|
|a топология
|
| 610 |
1 |
|
|a графы
|
| 675 |
|
|
|a 54:004
|v 3
|
| 675 |
|
|
|a 54:51
|v 3
|
| 700 |
|
1 |
|a Агаянц
|b И. М.
|g Иван Михайлович
|
| 801 |
|
1 |
|a RU
|b 63413507
|c 20140313
|
| 801 |
|
2 |
|a RU
|b 63413507
|c 20221017
|g RCR
|
| 900 |
|
|
|a Статистика
|
| 942 |
|
|
|c BK
|
| 959 |
|
|
|a 48/20140313
|d 2
|e 0
|f ЧЗТЛ:1
|f АНЛ:1
|
| 959 |
|
|
|a 85/20150609
|d 1
|e 1500,00
|f ЧЗТЛ:1
|
| 959 |
|
|
|a 141/20151112
|d 1
|e 1500,00
|f УФ:1
|